[Event "LSS OP-2006-0-00049"]
[Site "LSS email"]
[Date "2006.05.22"]
[Round "?"]
[White "Weglicki, Slawomir"]
[Black "Ruiz, Raquel"]
[Result "1-0"]
[WhiteElo "1978"]
[BlackElo "1165"]
[PlyCount "23"]
[EventDate "2006.05.20"]
[EventType "tourn (corr)"]
[EventRounds "4"]
[EventCountry "GER"]
[SourceTitle "Corr 2015"]
[Source "ChessBase"]
[SourceDate "2015.07.17"]
[SourceVersion "1"]
[SourceVersionDate "2015.07.17"]
[SourceQuality "1"]

1. e4 e5 2. Nc3 Bc5 3. Nf3 Nc6 4. Nxe5 Nxe5 5. d4 Bxd4 6. Qxd4 Nc6 7. Qxg7 Qf6 8. Bh6 Qxh6 9. Qxh8 Kf8 10. Nd5 d6 11. Nxc7 Nb4 12. Qc3 1-0

[Event "LSS OP-2006-0-00046"]
[Site "LSS email"]
[Date "2006.05.20"]
[Round "?"]
[White "Ong, Allan C"]
[Black "Ruiz, Raquel"]
[Result "1-0"]
[WhiteElo "666"]
[BlackElo "1165"]
[PlyCount "27"]
[EventDate "2006.05.20"]
[EventType "tourn (corr)"]
[EventRounds "4"]
[EventCountry "GER"]
[SourceTitle "Corr 2015"]
[Source "ChessBase"]
[SourceDate "2015.07.17"]
[SourceVersion "1"]
[SourceVersionDate "2015.07.17"]
[SourceQuality "1"]

1. d4 Nf6 2. Nc3 e6 3. e4 Bb4 4. e5 Nd5 5. Qg4 Nxc3 6. Qxg7 Ne4+ 7. c3 Bxc3+ 8. bxc3 Rf8 9. Bh6 Ke7 10. Qg4 Nxc3 11. Bg5+ f6 12. Bxf6+ Rxf6 13. exf6+ Kf7 14. Qg7+ 1-0

[Event "IECG OP.2006.0.00046"]
[Site "IECG email"]
[Date "2006.05.20"]
[Round "?"]
[White "Ruiz, Raquel"]
[Black "Epiney, Flo"]
[Result "0-1"]
[WhiteElo "1400"]
[BlackElo "2275"]
[PlyCount "36"]
[EventDate "2006.05.20"]
[EventType "tourn (corr)"]
[EventRounds "6"]
[SourceTitle "Corr 2008"]
[Source "ChessBase"]
[SourceDate "2008.06.24"]
[SourceVersion "1"]
[SourceVersionDate "2008.06.24"]
[SourceQuality "1"]

1. d4 d5 2. c4 c6 3. Nc3 Nf6 4. Nf3 dxc4 5. e4 b5 6. a4 b4 7. Na2 Nxe4 8. Bxc4 e6 9. Qb3 a5 10. 0-0 Be7 11. Re1 Nd6 12. Bd3 Ba6 13. Bxa6 Nxa6 14. Bf4 0-0 15. Rac1 Nf5 16. Red1 Qd5 17. Qc4 b3 18. Qxc6 Qxc6 0-1